• 首页
  • 本馆介绍
  • 公告通知
  • 最新文献
  • 馆藏检索
  • 电子资源
  • 读者导购
  • 参考咨询
  • 我的图书馆
  • 登录
  • 详细信息显示
  • 放入我的书架
  • 预约/预借图书
  • 作者相关作品
  • 分类相关作品
  • 丛书相关作品
  • 出版社相关作品

书目信息

  • 表格格式
  • 工作单格式
  • 卡片格式
题名:
2014年度国家自然科学基金项目指南
    
 
作者: ;国家自然科学基金委员会 编著
分册:  
出版信息: 北京   科学出版社  2014.01
页数: 242页
开本: 26cm
丛书名:
单 册:
中图分类: N12
科图分类:
主题词: 中国国家自然科学基金委员会--科研项目--文件--2014
电子资源:
ISBN: 978-7-03-039440-8
000 01113nam0 2200241 450
001 868
001 01CN09425160@CSLN
005 20161114090937.32
010    @a978-7-03-039440-8@dCNY38.00
100    @a20140220d2014 em y0chiy50 ea
101 0  @achi
102    @aCN@b110000
105    @aa z 000yy
200 1  @a2014年度国家自然科学基金项目指南@92014 nian du guo jia zi ran ke xue ji jin xiang mu zhi nan@f国家自然科学基金委员会编著
210    @a北京@c科学出版社@d2014.01
215    @a242页@c图@d26cm
330    @a,依据《国家自然科学基金条例》和项目管理办法等相关文件,发布了2014年申请须知和限项申请规定以及各类项目资助政策,指导申请人自主选题、申请自然科学基金的资助。《指南》就研究项目系列、人才项目系列、环境条件项目系列各类项目分别进行介绍,是自然科学基金资助工作的重要依据,也是自然科学基金申请人必读的参考文献
333    @a科学研究工作的科研人员
606 0  @a中国国家自然科学基金委员会@x科研项目@x文件@z2014
690    @aN12@v4
711 02 @a国家自然科学基金委员会@9guo jia zi ran ke xue ji jin wei yuan hui@4编著
801  0 @aCN@b大连网信软件有限公司图书馆·11@c20161114
905    @aZUCC@dN12@e101
    
    2014年度国家自然科学基金项目指南/国家自然科学基金委员会编著.-北京:科学出版社,2014.01
    242页:图;26cm
    使用对象:科学研究工作的科研人员
    
    ISBN 978-7-03-039440-8:CNY38.00
    ,依据《国家自然科学基金条例》和项目管理办法等相关文件,发布了2014年申请须知和限项申请规定以及各类项目资助政策,指导申请人自主选题、申请自然科学基金的资助。《指南》就研究项目系列、人才项目系列、环境条件项目系列各类项目分别进行介绍,是自然科学基金资助工作的重要依据,也是自然科学基金申请人必读的参考文献
●
相关链接 在E读中查询图书 在五车中查询图书 在当当中查询图书 在豆瓣中查询图书


正题名:2014年度国家自然科学基金项目指南     索取号:N12/101         预约/预借

序号 登录号 条形码 馆藏地/架位号 状态 备注
1 907382   209073820   第二样本阅览室/ [索取号:N12/101] 在馆    
2 907383   209073839   第三借阅区/ [索取号:N12/101] 在馆    
3 907384   209073848   第三借阅区/ [索取号:N12/101] 在馆    
4 907385   209073857   第三借阅区/ [索取号:N12/101] 在馆    
5 907386   209073866   第三借阅区/ [索取号:N12/101] 在馆    
唐山师范学院图书馆 欢迎您!
大连网信软件有限公司© 版权所有